| 000 | 00419nam a2200169Ia 4500 | ||
|---|---|---|---|
| 005 | 20250423095457.0 | ||
| 008 | 250422s9999 xx 000 0 und d | ||
| 020 | _a978-2039-39-X | ||
| 050 | _aHD 30.4 .F86/ | ||
| 245 | 0 | _aFundermentals of research methods in business management | |
| 260 | _aAbuja | ||
| 260 | _bChartered Graphic Press | ||
| 260 | _c2011 | ||
| 300 | _a313 p | ||
| 650 | _aBusiness | ||
| 942 | _cBK | ||
| 999 |
_c30391 _d30391 |
||